Survey research methods (Registro nro. 37356)

Detalles MARC
000 -ENCABEZADO
Número de control [NR] 00913nam a2200253Ia 4500
005 - FECHA Y HORA DE LA ÚLTIMA TRANSACCIÓN
control field 20171108083351.0
008 - DE LONGITUD FIJA DE DATOS DE ELEMENTOS - INFORMACIÓN GENERAL
Elementos de longitud fija [NR] 130821s2014 xxu gr eng d
020 ## - NUMERO INTERNACIONAL NORMALIZADO PARA LIBROS [R]
Número Internacional Normalizado del libro [NR] 9781412958417 (4a.Ed.)
020 ## - NUMERO INTERNACIONAL NORMALIZADO PARA LIBROS [R]
Número Internacional Normalizado del libro [NR] 9781452259000 (5a.Ed.)
040 ## - FUENTE DE CATALOGACION [NR]
Agencia de catalogación original [NR] Co-BoUCM
Idioma de catalogación [NR] spa
Quien Cataloga Sandra Palacio (modificó)
Quien Clasifica [Nuevo]
041 00 - CODIGO DE IDIOMA [R]
Código de idioma para texto/pista de sonido o título separado [R] Inglés
100 1# - ASIENTO PRINCIPAL--NOMBRE PERSONAL [NR]
Nombre personal [NR] Fowler, Floyd J.
ID Autoridad 88623
245 10 - MENCION DE TITULO [NR]
Título [NR] Survey research methods
Mención de responsabilidad, etc. [NR] Floyd J. Fowler
250 ## - MENCION DE EDICION [NR]
Mención de edición [NR] Quinta edición
260 ## - PUBLICACION, DISTRIBUCION, ETC. (PIE DE IMPRENTA) [R]
Lugar de publicación, distribución, etc. [R] Los Ángeles (California, Estados Unidos)
Nombre del editor, distribuidor, etc. [R] Sage Publications
Fecha de publicación, distribución, etc. [R] 2014
300 ## - DESCRIPCION FISICA [R]
Extensión [R] xi, 171 páginas
490 0# - MENCION DE SERIE [R]
Mención de serie [R] Applied social research methods series
Designación numérica/secuencial del volumen [NR] 1
650 17 - ASIENTO SECUNDARIO DE MATERIA - TERMINO TEMATICO [R]
Término temático o nombre geográfico como elemento de entrada [NR] Ciencias sociales
Subdivisión general [R] Investigaciones
Subdivisión de forma [R] Métodos
9 (RLIN) 10815
650 27 - ASIENTO SECUNDARIO DE MATERIA - TERMINO TEMATICO [R]
Término temático o nombre geográfico como elemento de entrada [NR] Investigación social
Subdivisión de forma [R] Manuales
9 (RLIN) 18009
650 27 - ASIENTO SECUNDARIO DE MATERIA - TERMINO TEMATICO [R]
Término temático o nombre geográfico como elemento de entrada [NR] Sociología
9 (RLIN) 386
650 27 - ASIENTO SECUNDARIO DE MATERIA - TERMINO TEMATICO [R]
Término temático o nombre geográfico como elemento de entrada [NR] Sociología
Subdivisión general [R] Investigaciones
9 (RLIN) 30506
942 ## - ELEMENTOS DE ENTRADA AGREGADOS (KOHA)
Tipo de ítem principal el descrito en 300a Libro
Tema principal Sociología
Edición 5
Parte restante de la signatura top. F785s
Sistema de clasificación DEWEY
Clasificación 300.723
Existencias
Fecha de último préstamo Total préstamos Signatura topográfica Código de barras Última vez visto Volúmen / Fascículo Ejemplar Price effective from Tipo de ítem Nota pública (OPAC) Perdido Sistema de clasificación Dañado No prestable Tipo de ítem específico Suprimido Ubicación habitual Ubicación actual Localización Fecha de creación Forma de adquisición Costo Total Renewals Costo de reposición Proveedor
06/11/2012 1 300.723 F785s 100119646 03/12/2025 4a. Ed. Ej.1 03/02/2013 Libro Spot de Investigación   DEWEY     Libro   Claustro Claustro 3er piso - Research commons 28/02/2012 Compra 77193.00      
06/04/2022 1 300.723 F785s 100155116 03/12/2025 5a.Ed. Ej.1 03/11/2017 Libro Spot de Investigación   DEWEY     Libro   Claustro Claustro 3er piso - Research commons 03/11/2017 Compra 171149.00 3 171149.00 15
    300.723 F785s 100155117 03/12/2025 5a.Ed. Ej.2 03/11/2017 Libro Spot de Investigación   DEWEY     Libro   Claustro Claustro 3er piso - Research commons 03/11/2017 Compra 171791.00   171791.00 15